Vista normal
Vista MARC
- Zaffaroni, Eugenio Raúl,
Entrada Nombre personal
Número de registros utilizados en: 11
001 - NÚMERO DE CONTROL
- campo de control: 762
003 - IDENTIFICADOR DEL NÚMERO DE CONTROL
- campo de control: AR-BaAGN
005 - FECHA Y HORA DE LA ÚLTIMA TRANSACCIÓN
- campo de control: 20250311140938.0
008 - ELEMENTOS DE DATO DE LONGITUD-FIJA
- campo de control de longitud fija: 230203|| ac|||aabn | a|a d
040 ## - FUENTE DE CATALOGACIÓN
- Centro catalogador/agencia de origen: AR-BaAGN
- Lengua de catalogación: spa
- Normas de descripción: aacr
100 1# - ENCABEZAMIENTO-NOMBRE DE PERSONA
- Nombre de persona: Zaffaroni, Eugenio Raúl,
- Fechas asociadas al nombre: 1940-
374 ## - OCUPACIÓN
- Ocupación: Abogados
374 ## - OCUPACIÓN
- Ocupación: Profesores
